| 000 | 01154nam a22003377a 4500 | ||
|---|---|---|---|
| 001 | BR2010004608 | ||
| 003 | BR-BrBNA | ||
| 005 | 20230928103352.0 | ||
| 007 | ta | ||
| 008 | 230509b bl.||||| |||| 00| 0 por d | ||
| 040 |
_aBR-BrBNA _bpor _cBiblioteca Nacional de Agricultura |
||
| 041 | _a(Por) | ||
| 072 |
_aL72 _b5212 _b4060 |
||
| 090 | _ 5212 BR2010004608 | ||
| 100 | 1 | _aFukuda, R.T. | |
| 110 | 1 |
_aUniversidade Estadual Paulista Julio de Mesquita Filho, Jaboticabal, SP (Brasil). Faculdade de Ciências Agrárias e Veterinárias _0Tese (Doutor em Medicina Veterinária) |
|
| 245 | 1 | _aContribuição ao estudo da epidemiologia da cisticercose bovina na região administrativa de Barretos: aspectos ambientais e econônicos | |
| 260 | 3 |
_aJaboticabal, SP (Brasil): _c2003. |
|
| 300 | _a127 p. | ||
| 500 | _aSummaries (Eng, Por); Bibliography p. 83-95; 13 tables; 15 illus. | ||
| 650 | _aBOVINO | ||
| 650 | _aCISTICERCOSE | ||
| 650 | _aHELMINTO | ||
| 650 | _aEPIDEMIOLOGIA | ||
| 650 | _aABATE | ||
| 650 | _aANÁLISE ECONÔMICA | ||
| 650 | _aZOONOSE | ||
| 650 | _aSÃO PAULO | ||
| 909 |
_a202309 _bLucia _c55 _dLucia Elande |
||
| 942 | _cBK | ||
| 999 |
_c74810 _d74810 |
||